000 01681nam a22003017a 4500
005 20110628104948.0
010 _aENG-102862 B-452275-279
020 _a9788190722469
_c180.00
035 _aEN-86395 B-452275-279
037 _bDBAD/PUB
037 _bVirtuous Pub/Ven
082 _a671
100 _aYadav, K.S.
_941339
245 _aManufacturing processes /
_cby K.S.Yadav
_b
260 _aNew Delhi
_bVayu Education of India
_c2009
270 _a2/25, Ansari Road, Darya Ganj
_bNew Delhi
_e110002
300 2 _axiii,310p
_c24cm (pbk)
500 _aIncludes index
700 _928907
942 _2ddc
_cEN
_mYAD
_h671
999 _c53379
_d53379